Slovenská republika v číslach 1990

Salvato in:
Dettagli Bibliografici
Natura: Libro
Lingua:slovacco
Pubblicazione: Bratislava Slovenský štatistický úrad 1991
Soggetti:
Tags: Aggiungi Tag
Nessun Tag, puoi essere il primo ad aggiungerne!!

MARC

LEADER 00000nam a2200000 4500
001 c023298
005 20251212084346.9
041 0 |a slo 
044 |a SK 
245 1 0 |a Slovenská republika v číslach 1990 
264 1 |a Bratislava  |b Slovenský štatistický úrad  |c 1991 
300 |a 28 s. 
610 2 0 |a Slovensko